UBT Library

GUIDES TO THE EVALUATION OF PERMANENT IMPAIRMENT (Record no. 31326)

000 -LEADER
fixed length control field 00298nam a22001217a 4500
008 - FIXED-LENGTH DATA ELEMENTS--GENERAL INFORMATION
fixed length control field 171003b xxu||||| |||| 00| 0 eng d
041 ## - LANGUAGE CODE
Language code of text/sound track or separate title eng
080 ## - UNIVERSAL DECIMAL CLASSIFICATION NUMBER
Edition identifier 3RD
Universal Decimal Classification number 159.9
100 ## - Rafti
Rafti 48
101 ## - Shkurtesa
Shkurtesa PSI
245 ## - TITLE STATEMENT
Title GUIDES TO THE EVALUATION OF PERMANENT IMPAIRMENT
Statement of responsibility, etc ENGELBERG,A.L
942 ## - ADDED ENTRY ELEMENTS (KOHA)
Source of classification or shelving scheme
Item type Books
Holdings
Withdrawn status Lost status Source of classification or shelving scheme Damaged status Not for loan Collection code Permanent location Current location Shelving location Date acquired Total Checkouts Full call number Barcode Date last seen Price effective from Koha item type
          Koleksioni i përgjithshem UBT - Lipjan UBT - Lipjan Koleksioni i përgjithshem 10/03/2017   159.9 ENG 002-2928178 10/03/2017 10/03/2017 Books
UBT Library © 2015-2024. All rights reserved University Education for Business and Technology